Online
Catalog

Real cedula de Intendencia de Ejercito y Real Hacienda, diciembre 8 de 1776 / (Record no. 18700)

MARC details
000 -CABECERA
campo de control de longitud fija 00800cam a2200193 i 4500
001 - NÚMERO DE CONTROL
campo de control 000019182
005 - FECHA Y HORA DE LA ÚLTIMA TRANSACCIÓN
campo de control 20200929165938.0
008 - DATOS DE LONGITUD FIJA--INFORMACIÓN GENERAL
campo de control de longitud fija 780213s1976 ve a f000 0 spa
040 ## - FUENTE DE LA CATALOGACIÓN
Centro catalogador/agencia de origen DO-SdBNP
Lengua de catalogación spa
Centro/agencia transcriptor BNPHU
110 1# - ENTRADA PRINCIPAL--NOMBRE DE ENTIDAD CORPORATIVA
Nombre de entidad corporativa o nombre de jurisdicción como elemento de entrada Venezuela
9 (RLIN) 19804
240 10 - TÍTULO UNIFORME
Título uniforme Leyes, etc.
245 10 - MENCIÓN DE TÍTULO
Título Real cedula de Intendencia de Ejercito y Real Hacienda, diciembre 8 de 1776 /
Mención de responsabilidad, etc. estudio preliminar, Gisela Morazzani Perez-Enciso.
260 ## - PUBLICACIÓN, DISTRIBUCIÓN, ETC.
Lugar de publicación, distribución, etc. Caracas :
Nombre del editor, distribuidor, etc. Presidencia de la Republica,
-- Banco Central de Venezuela,
Fecha de publicación, distribución, etc. 1976.
300 ## - DESCRIPCIÓN FÍSICA
Extensión 128 p. : ;
Dimensiones 23 cm.
500 ## - NOTA GENERAL
Nota general 200 Bicentenario de la integración de Venezuela
504 ## - NOTA DE BIBLIOGRAFÍA, ETC.
Nota de bibliografía, etc. Incluye referencias bibliográficas y notas al pie de las páginas
610 10 - PUNTO DE ACCESO ADICIONAL DE MATERIA--NOMBRE DE ENTIDAD CORPORATIVA
Unidad subordinada Intendencia de Ejercito y Real Hacienda.
9 (RLIN) 41291
700 2# - PUNTO DE ACCESO ADICIONAL--NOMBRE DE PERSONA
Nombre de persona Morazzani de Perez Enciso, Gisela.
9 (RLIN) 41292
Holdings
Estado de retiro Estado de pérdida Restricciones de uso No para préstamo Código de colección Localización permanente Ubicación/localización actual Ubicación en estantería Fecha de adquisición Número de inventario Total de préstamos Signatura topográfica completa Código de barras Fecha visto por última vez Precio válido a partir de Tipo de ítem Koha
      Excluido de préstamo Monografías: Libros y Folletos General General En catalogación 27.05.2010 LF1   19182-10 25.06.2020 25.06.2020 No se presta

Powered by Koha